Statistics for Singers with the most Number one ( Billboard hot 100 ) songs

Click here to take the quiz!

General Stats

  • This quiz has been taken 44 times
  • The average score is 6 of 10

Answer Stats

Number of Songs Singer % Correct
12Madonna
93%
13Michael Jackson
85%
20The Beatles
73%
18Elvis Presley
70%
10Janet Jackson
68%
18Mariah Carey
53%
14Rihanna
48%
11Whitney Houston
45%
10Stevie Wonder
15%
12The Supremes
13%

Score Distribution

Percentile by Number Answered

Percent of People with Each Score

Your Score History

You have not taken this quiz